Investigación de Operaciones
| Main Authors: | , |
|---|---|
| Format: | Section = Libro |
| Language: | Undetermined Spanish |
| Published: |
México
McGraw-Hill
2002
|
| Edition: | 7a.ed. |
| Subjects: |
| LEADER | 00613nam a2200229Ia 4500 | ||
|---|---|---|---|
| 008 | 241007s9999||||xx |||||||||||||| ||und|| | ||
| 020 | |a 970-10-3486-4 | ||
| 040 | |a BIBLIOTECA-RURC/ 658.4034 H654 | ||
| 041 | |a spa | ||
| 082 | |a 658.4034 H654 | ||
| 100 | 1 | |a Hillier, Frederick S | |
| 100 | 1 | |b Lieberman, Gerald J. | |
| 245 | 1 | 0 | |a Investigación de Operaciones |
| 250 | |a 7a.ed. | ||
| 260 | |a México |b McGraw-Hill |c 2002 | ||
| 300 | |a 1199 p. :il. | ||
| 650 | 7 | |a INVESTIGACIÓN OPERACIONAL | |
| 650 | 7 | |b PROGRAMAVION LINEAL | |
| 650 | 7 | |c PROGRAMACIÓN DINAMICA | |
| 942 | |c BK |2 ddc | ||
| 991 | |a TEXTO | ||
| 999 | |c 14556 | ||